[Event "Hannover Bezirks op"]
[Site "Hannover"]
[Date "2020.02.15"]
[Round "2.6"]
[White "Floerchinger, Ludolf"]
[Black "Zweigait, Bjoern"]
[Result "0-1"]
[WhiteElo "1494"]
[BlackElo "1809"]
[PlyCount "116"]
[EventDate "2020.01.25"]
[EventType "swiss"]
[EventRounds "7"]
[EventCountry "GER"]
[SourceTitle "EXT 2023"]
[Source "ChessBase"]
[SourceDate "2022.10.05"]
[SourceVersion "1"]
[SourceVersionDate "2022.10.05"]
[SourceQuality "1"]

1. e4 d5 2. exd5 c6 3. dxc6 Nxc6 4. Nc3 Bf5 5. Nf3 Nf6 6. Bc4 e6 7. 0-0 Be7 8. d3 0-0 9. Qe2 Bg4 10. Be3 a6 11. a3 Rc8 12. Bb3 Ne5 13. Rfe1 h5 14. Bf4 Nxf3+ 15. gxf3 Bf5 16. Rad1 h4 17. Ne4 Nh5 18. Qd2 Qd4 19. c3 Qb6 20. Bg5 f6 21. Bxe6+ Bxe6 22. Bxh4 Kf7 23. d4 Bd5 24. Bg3 Rfd8 25. Qe2 Qc6 26. Nd2 Re8 27. Qd3 g6 28. Bh4 Nf4 29. Qe3 Bd6 30. Ne4 g5 31. Bg3 Kg6 32. Bxf4 Bxf4 33. Qd3 f5 34. Ng3 Rxe1+ 35. Rxe1 Bxg3 36. fxg3 Bxf3 37. Kf2 Bh1 38. Rg1 Be4 39. Qe3 Qb5 40. Qd2 Qd3 41. Qxd3 Bxd3 42. Re1 Be4 43. Rd1 Kf6 44. Ke3 Ke6 45. Rc1 Rh8 46. g4 Rxh2 47. gxf5+ Bxf5 48. Rg1 Rh3+ 49. Kf2 g4 50. c4 Rd3 51. Re1+ Kd6 52. c5+ Kc6 53. Re5 Bd7 54. Re4 Rd2+ 55. Kg3 Rxb2 56. Re3 Rd2 57. Rb3 Rxd4 58. Rb6+ Kc7 0-1

[Event "Hannover Bezirks op"]
[Site "Hannover"]
[Date "2020.01.25"]
[Round "1.3"]
[White "Serreck, Uwe"]
[Black "Floerchinger, Ludolf"]
[Result "1/2-1/2"]
[WhiteElo "1890"]
[BlackElo "1494"]
[PlyCount "85"]
[EventDate "2020.01.25"]
[EventType "swiss"]
[EventRounds "7"]
[EventCountry "GER"]
[SourceTitle "EXT 2023"]
[Source "ChessBase"]
[SourceDate "2022.10.05"]
[SourceVersion "1"]
[SourceVersionDate "2022.10.05"]
[SourceQuality "1"]

1. e4 Nc6 2. Nf3 f5 3. e5 d6 4. Bb5 e6 5. d4 Bd7 6. Nc3 Be7 7. h4 h6 8. a3 a6 9. Bd3 dxe5 10. dxe5 Bc5 11. Be3 Bxe3 12. fxe3 g6 13. e4 Nge7 14. exf5 exf5 15. Qe2 Be6 16. 0-0-0 Qc8 17. Qe3 Kf7 18. Qf4 Kg7 19. Rdg1 Qf8 20. Bc4 Qf7 21. Bxe6 Qxe6 22. g4 Raf8 23. g5 h5 24. Rd1 Rd8 25. Na4 b6 26. Nc3 Nd5 27. Nxd5 Rxd5 28. Rxd5 Qxd5 29. e6 Qd6 30. Qe3 Re8 31. Re1 Re7 32. Qc3+ Kh7 33. Kb1 Rxe6 34. Rxe6 Qxe6 35. Nd4 Nxd4 36. Qxc7+ Kg8 37. Qd8+ Kf7 38. Qxd4 a5 39. b3 Ke7 40. Qg7+ Qf7 41. Qe5+ Qe6 42. Qg7+ Qf7 43. Qe5+ 1/2-1/2

[Event "Hannover Bezirks op"]
[Site "Hannover"]
[Date "2017.05.20"]
[Round "7.12"]
[White "Floerchinger, Ludolf"]
[Black "Birkenbeul, Harald"]
[Result "1-0"]
[WhiteElo "1461"]
[BlackElo "1531"]
[PlyCount "57"]
[EventDate "2017.01.21"]
[EventType "swiss"]
[EventRounds "7"]
[EventCountry "GER"]
[SourceTitle "EXT 2022"]
[Source "ChessBase"]
[SourceDate "2021.10.06"]
[SourceVersion "1"]
[SourceVersionDate "2021.10.06"]
[SourceQuality "1"]

1. e4 c5 2. d4 cxd4 3. c3 dxc3 4. Nxc3 e5 5. Bc4 Nf6 6. Nf3 Nc6 7. Qe2 Bb4 8. 0-0 Bxc3 9. bxc3 h6 10. Rd1 0-0 11. Rd6 Ne8 12. Rd1 Qe7 13. a4 d6 14. Ba3 Be6 15. Bxe6 fxe6 16. Rd3 Rd8 17. Rad1 Qc7 18. Qa2 Rf6 19. Qd2 Rf7 20. Bxd6 Nxd6 21. Rxd6 Rxd6 22. Qxd6 Qxd6 23. Rxd6 Re7 24. Nd2 Kf7 25. g3 g5 26. Kg2 Kf6 27. Nc4 Rc7 28. Ne3 h5 29. Nd5+ 1-0

[Event "Daehne Cup Region 15/16 VII Rest"]
[Site "Hannover"]
[Date "2016.07.14"]
[Round "3"]
[White "Floerchinger, Ludolf"]
[Black "Fenge, Hilmar"]
[Result "1-0"]
[WhiteElo "1496"]
[BlackElo "1008"]
[PlyCount "61"]
[EventDate "2016.07.??"]
[EventType "swiss"]
[EventCountry "GER"]
[SourceTitle "EXT 2022"]
[Source "ChessBase"]
[SourceDate "2021.10.06"]
[SourceVersion "1"]
[SourceVersionDate "2021.10.06"]
[SourceQuality "1"]

1. e4 d5 2. exd5 Qxd5 3. Nc3 Qa5 4. d4 c6 5. Nf3 e6 6. Bd2 Qc7 7. Bd3 Be7 8. Qe2 h6 9. Ne5 Bd6 10. f4 Nf6 11. 0-0-0 0-0 12. Ne4 Nbd7 13. Nxd6 Qxd6 14. Bc3 a6 15. g4 Nh7 16. h4 Qe7 17. g5 Nxe5 18. Bxh7+ Kxh7 19. Qxe5 f6 20. Qe4+ f5 21. Qe5 h5 22. d5 cxd5 23. Rxd5 Bd7 24. Rhd1 Rad8 25. a3 Rfe8 26. Rd6 g6 27. Qd4 Bc6 28. Rxd8 Rxd8 29. Qxd8 Qxd8 30. Rxd8 b5 31. Rh8# 1-0

[Event "Hannover Region-ch"]
[Site "Hannover"]
[Date "2016.04.02"]
[Round "6"]
[White "Kiesel, Lara"]
[Black "Floerchinger, Ludolf"]
[Result "0-1"]
[WhiteElo "1232"]
[BlackElo "1505"]
[PlyCount "103"]
[EventDate "2016.01.16"]
[EventType "swiss"]
[EventRounds "7"]
[EventCountry "GER"]
[SourceTitle "EXT 2020"]
[Source "ChessBase"]
[SourceDate "2019.10.17"]
[SourceVersion "1"]
[SourceVersionDate "2019.10.17"]
[SourceQuality "1"]

1. e4 d5 2. exd5 Nf6 3. d4 Qxd5 4. c4 Qd8 5. Nc3 Bg4 6. Be2 Bxe2 7. Ngxe2 e6 8. 0-0 Be7 9. Bf4 Bd6 10. Qd2 0-0 11. Rfd1 a6 12. Rac1 Bxf4 13. Nxf4 c6 14. b3 Nbd7 15. d5 cxd5 16. cxd5 e5 17. Nfe2 Re8 18. Ng3 Rc8 19. Nf5 h6 20. Nd6 Qb6 21. Nxc8 Rxc8 22. Na4 Qd8 23. Rxc8 Qxc8 24. Rc1 Qb8 25. Rc4 e4 26. Qc2 Qe5 27. Rc8+ Kh7 28. f3 Qd4+ 29. Kh1 Ne5 30. Rc3 g6 31. Qc1 b5 32. Nc5 b4 33. Re3 exf3 34. gxf3 Nxd5 35. Re4 Qf2 36. Rxe5 Qxf3+ 37. Kg1 Nf4 38. Qf1 Nh3+ 39. Qxh3 Qxh3 40. Nxa6 Qg4+ 41. Kh1 Qf3+ 42. Kg1 Qd1+ 43. Kg2 Qc2+ 44. Kg1 Qb1+ 45. Kg2 Qxa2+ 46. Kg3 Qxa6 47. Re4 Qd3+ 48. Kf4 Qxb3 49. h4 Qc3 50. Re3 Qf6+ 51. Ke4 Qxh4+ 52. Kd3 0-1

[Event "Hannover Region-ch"]
[Site "Hannover"]
[Date "2016.03.19"]
[Round "5"]
[White "Floerchinger, Ludolf"]
[Black "Nagel, Detlev"]
[Result "0-1"]
[WhiteElo "1505"]
[BlackElo "1628"]
[PlyCount "62"]
[EventDate "2016.01.16"]
[EventType "swiss"]
[EventRounds "7"]
[EventCountry "GER"]
[SourceTitle "EXT 2020"]
[Source "ChessBase"]
[SourceDate "2019.10.17"]
[SourceVersion "1"]
[SourceVersionDate "2019.10.17"]
[SourceQuality "1"]

1. e4 b6 2. d4 g6 3. Nc3 Bg7 4. Nf3 Bb7 5. Bc4 e6 6. 0-0 Ne7 7. Bf4 0-0 8. Qd2 f6 9. Rfe1 a6 10. a4 Kh8 11. Bh6 g5 12. Bxg7+ Kxg7 13. Rad1 Ng6 14. d5 e5 15. Ne2 g4 16. Nxe5 Nxe5 17. Bb3 Qe8 18. Ng3 Qg6 19. Nf5+ Kh8 20. Nh4 Qg5 21. Qxg5 fxg5 22. Nf5 d6 23. c3 Nbd7 24. Rd2 h5 25. Rf1 h4 26. f4 gxf3 27. gxf3 Nf6 28. Rg2 g4 29. f4 Nf3+ 30. Kh1 h3 31. Rg3 Nd2 0-1

[Event "Hannover Region-ch"]
[Site "Hannover"]
[Date "2016.02.13"]
[Round "4"]
[White "Bartel, Reinhard"]
[Black "Floerchinger, Ludolf"]
[Result "1/2-1/2"]
[WhiteElo "1577"]
[BlackElo "1505"]
[PlyCount "62"]
[EventDate "2016.01.16"]
[EventType "swiss"]
[EventRounds "7"]
[EventCountry "GER"]
[SourceTitle "EXT 2020"]
[Source "ChessBase"]
[SourceDate "2019.10.17"]
[SourceVersion "1"]
[SourceVersionDate "2019.10.17"]
[SourceQuality "1"]

1. d4 d5 2. c4 e5 3. dxe5 d4 4. e3 Bb4+ 5. Bd2 dxe3 6. fxe3 Nc6 7. Nf3 Bg4 8. Be2 Qd7 9. Nc3 0-0-0 10. a3 Be7 11. b4 Bxf3 12. Bxf3 Nxe5 13. Be2 Nd3+ 14. Bxd3 Qxd3 15. Qe2 Bf6 16. Qxd3 Rxd3 17. Rc1 Ne7 18. Rc2 Bg5 19. 0-0 f6 20. Re1 Rhd8 21. Bc1 Nf5 22. Kf2 Nh6 23. h3 Nf7 24. e4 Bxc1 25. Rcxc1 c6 26. c5 Ne5 27. Red1 g6 28. Ke2 Rxd1 29. Rxd1 Rxd1 30. Nxd1 b5 31. Nb2 Kc7 1/2-1/2

[Event "Daehne Cup Region 14/15 VII"]
[Site "Hannover"]
[Date "2015.07.16"]
[Round "3"]
[White "Schmalz, Dierk"]
[Black "Floerchinger, Ludolf"]
[Result "0-1"]
[WhiteElo "1917"]
[BlackElo "1443"]
[PlyCount "48"]
[EventDate "2015.07.02"]
[EventType "k.o."]
[EventRounds "5"]
[EventCountry "GER"]
[SourceTitle "EXT 2022"]
[Source "ChessBase"]
[SourceDate "2021.10.06"]
[SourceVersion "1"]
[SourceVersionDate "2021.10.06"]
[SourceQuality "1"]

1. e4 d5 2. exd5 Nf6 3. d4 Bg4 4. Be2 Bxe2 5. Qxe2 Qxd5 6. Nf3 Nc6 7. Nc3 Qh5 8. 0-0 0-0-0 9. Be3 e6 10. a3 Nd5 11. Bd2 Bd6 12. Rfe1 Nxd4 13. Qe4 Nxf3+ 14. Qxf3 Qxh2+ 15. Kf1 Qh4 16. Ne4 Bf4 17. Bxf4 Qxf4 18. Qe2 Nf6 19. Nxf6 gxf6 20. Rad1 Rxd1 21. Rxd1 Rd8 22. g3 Rxd1+ 23. Qxd1 Qf5 24. c3 Qb5+ 0-1

[Event "Daehne Cup Region Hannover VII Rest"]
[Site "Hannover"]
[Date "2014.07.24"]
[Round "5"]
[White "Moseler, Thomas"]
[Black "Floerchinger, Ludolf"]
[Result "1/2-1/2"]
[WhiteElo "1426"]
[BlackElo "1536"]
[PlyCount "104"]
[EventDate "2014.07.??"]
[EventType "k.o."]
[EventCountry "GER"]
[SourceTitle "EXT 2022"]
[Source "ChessBase"]
[SourceDate "2021.10.06"]
[SourceVersion "1"]
[SourceVersionDate "2021.10.06"]
[SourceQuality "1"]

1. e4 d5 2. exd5 Nf6 3. d4 Bg4 4. Nf3 Qxd5 5. Be2 Nc6 6. c4 Qf5 7. 0-0 0-0-0 8. Be3 e6 9. Nbd2 Be7 10. h3 h5 11. Nh4 Bxe2 12. Qxe2 Qh7 13. Nhf3 Ne4 14. Rfd1 g5 15. Nxe4 Qxe4 16. Re1 g4 17. Nd2 Qg6 18. Nb3 gxh3 19. g3 Rdg8 20. Bf4 Bd6 21. Bxd6 cxd6 22. Kh2 Qf5 23. Rad1 h4 24. Rg1 hxg3+ 25. Rxg3 Rxg3 26. fxg3 Rg8 27. Rf1 Qg6 28. Rf3 Qg4 29. Qe3 Qg6 30. Qf2 f5 31. Rf4 Ne7 32. Rh4 Qg5 33. Qe1 Kd7 34. Nd2 Rg7 35. Nf3 Qf6 36. Qe3 b6 37. Rxh3 Rg4 38. Rh6 Rg6 39. Rxg6 Qxg6 40. Kg2 Nc6 41. a3 Qg4 42. d5 exd5 43. cxd5 Ne7 44. Qe6+ Ke8 45. Qxd6 Qe4 46. Qe6 Qxd5 47. Qxd5 Nxd5 48. Nd4 Ne7 49. Kf3 Kf7 50. Nb5 Nc6 51. Kf4 Kf6 52. Nd6 Ne7 1/2-1/2

[Event "Daehne Cup Region Hannover VII Rest"]
[Site "Hannover"]
[Date "2014.07.10"]
[Round "3"]
[White "Lick, Helmut"]
[Black "Floerchinger, Ludolf"]
[Result "0-1"]
[WhiteElo "1411"]
[BlackElo "1536"]
[PlyCount "89"]
[EventDate "2014.07.??"]
[EventType "k.o."]
[EventCountry "GER"]
[SourceTitle "EXT 2022"]
[Source "ChessBase"]
[SourceDate "2021.10.06"]
[SourceVersion "1"]
[SourceVersionDate "2021.10.06"]
[SourceQuality "1"]

1. e4 d5 2. exd5 Nf6 3. Nf3 Qxd5 4. d4 Bg4 5. Be2 Nc6 6. c3 0-0-0 7. 0-0 e6 8. h3 h5 9. Bf4 Bd6 10. Bxd6 Rxd6 11. Nh2 Qg5 12. Nf3 Qg6 13. Nbd2 Bxh3 14. Nh4 Qg5 15. Ndf3 Qh6 16. Qd2 Qxd2 17. Nxd2 Bg4 18. Nhf3 Rd7 19. Rfe1 Nd5 20. Nh2 Bxe2 21. Rxe2 g5 22. Ne4 g4 23. g3 Re7 24. Nc5 b6 25. Nd3 Nf6 26. Rae1 Kd7 27. Nf1 h4 28. gxh4 Rxh4 29. Ng3 Rh3 30. Nf4 Rh8 31. a4 a5 32. Kg2 Nd5 33. Nxd5 exd5 34. Nf5 Rxe2 35. Rxe2 Rg8 36. Kg3 f6 37. Nh6 Rg6 38. Nf5 Rg5 39. Kf4 Rg6 40. Ne3 Ne7 41. Nxg4 Kd6 42. f3 c6 43. b3 c5 44. Re3 Rg5 45. Nh6 0-1

[Event "Hannover Region-ch"]
[Site "Hannover"]
[Date "2014.04.26"]
[Round "7"]
[White "Wehrhahn, Duncan"]
[Black "Floerchinger, Ludolf"]
[Result "0-1"]
[WhiteElo "971"]
[BlackElo "1536"]
[PlyCount "62"]
[EventDate "2014.02.01"]
[EventType "swiss"]
[EventRounds "7"]
[EventCountry "GER"]
[SourceTitle "EXT 2021"]
[Source "ChessBase"]
[SourceDate "2020.10.23"]
[SourceVersion "1"]
[SourceVersionDate "2020.10.23"]
[SourceQuality "1"]

1. d4 d5 2. c4 e5 3. dxe5 d4 4. Nf3 Nc6 5. Bg5 Be7 6. Bxe7 Ngxe7 7. e3 Bg4 8. Be2 Bxf3 9. Bxf3 dxe3 10. Bxc6+ Nxc6 11. Qxd8+ Rxd8 12. fxe3 Nxe5 13. Nd2 0-0 14. 0-0-0 Nd3+ 15. Kc2 Nf2 16. Rhf1 Nxd1 17. Rxd1 Rfe8 18. Re1 Re6 19. Nb3 b6 20. Nd4 Rxd4 21. Kc3 Rh4 22. h3 a5 23. b3 Rc6 24. Rd1 f6 25. Rd5 Rd6 26. Rb5 c5 27. a3 Re4 28. b4 Rxe3+ 29. Kb2 axb4 30. axb4 cxb4 31. Rxb4 Rc6 0-1

[Event "Hannover Region-ch"]
[Site "Hannover"]
[Date "2014.03.29"]
[Round "5"]
[White "Diskin, Semen"]
[Black "Floerchinger, Ludolf"]
[Result "1-0"]
[WhiteElo "2020"]
[BlackElo "1536"]
[PlyCount "105"]
[EventDate "2014.02.01"]
[EventType "swiss"]
[EventRounds "7"]
[EventCountry "GER"]
[SourceTitle "EXT 2021"]
[Source "ChessBase"]
[SourceDate "2020.10.23"]
[SourceVersion "1"]
[SourceVersionDate "2020.10.23"]
[SourceQuality "1"]

1. e4 d5 2. exd5 Nf6 3. d4 Bg4 4. f3 Bf5 5. Bb5+ Nbd7 6. c4 a6 7. Ba4 b5 8. Bc2 Bxc2 9. Qxc2 bxc4 10. Qxc4 Nb6 11. Qc6+ Qd7 12. Nc3 Nfxd5 13. Qxd7+ Kxd7 14. Nge2 e6 15. 0-0 Bd6 16. Nxd5 Nxd5 17. Nc3 c6 18. Nxd5 exd5 19. Bd2 Rhe8 20. Rfe1 f6 21. Kf2 Rab8 22. Bc3 Re7 23. Rxe7+ Bxe7 24. Re1 a5 25. a3 a4 26. Re2 Rb3 27. Rc2 f5 28. Bd2 g5 29. Bc3 h6 30. Ke2 f4 31. Kd3 Bd6 32. Re2 Rb8 33. Ba5 Rb3+ 34. Kc2 Re3 35. Rxe3 fxe3 36. g3 c5 37. Bc3 c4 38. Kd1 h5 39. Ke2 h4 40. Be1 hxg3 41. hxg3 c3 42. Bxc3 Bxg3 43. Kxe3 Bf4+ 44. Kd3 Kc6 45. Bd2 Kb5 46. Bxf4 gxf4 47. Kc3 Ka5 48. b3 axb3 49. Kxb3 Kb5 50. a4+ Ka5 51. Ka3 Kb6 52. Kb4 Ka6 53. Kc5 1-0

[Event "Hannover Region-ch"]
[Site "Langenhagen"]
[Date "2011.02.19"]
[Round "3"]
[White "Floerchinger, Ludolf"]
[Black "Kiselev, Alexander2222"]
[Result "0-1"]
[WhiteElo "1531"]
[BlackElo "1985"]
[PlyCount "82"]
[EventDate "2011.01.29"]
[EventType "swiss"]
[EventRounds "7"]
[EventCountry "GER"]
[SourceTitle "EXT 2021"]
[Source "ChessBase"]
[SourceDate "2020.10.23"]
[SourceVersion "1"]
[SourceVersionDate "2020.10.23"]
[SourceQuality "1"]

1. e4 d5 2. exd5 Qxd5 3. Nc3 Qa5 4. Bc4 Nf6 5. d3 Bg4 6. f3 Bh5 7. Bd2 Qb6 8. Bb3 Nc6 9. Na4 Qb5 10. Nc3 Qc5 11. Qe2 Nd4 12. Qf2 Nxb3 13. Be3 Qa5 14. cxb3 0-0-0 15. Rd1 Nd5 16. Nge2 Nb4 17. Nc1 Bg6 18. 0-0 e6 19. a3 Nxd3 20. Nxd3 Bxd3 21. Rfe1 Be7 22. b4 Qa6 23. Rd2 Rd7 24. Red1 Rhd8 25. Bc5 Bf6 26. b5 Bxb5 27. Nxb5 Qxb5 28. Rxd7 Rxd7 29. Rxd7 Qxd7 30. g3 b6 31. Be3 Qb5 32. Bd4 Bxd4 33. Qxd4 Qc5 34. Qxc5 bxc5 35. Kf2 Kd7 36. Ke3 Kd6 37. Ke4 f5+ 38. Kd3 Kd5 39. b3 e5 40. h3 g5 41. a4 a5 0-1

[Event "Hannover Region-ch"]
[Site "Langenhagen"]
[Date "2010.05.08"]
[Round "7"]
[White "Efremov, Igor"]
[Black "Floerchinger, Ludolf"]
[Result "1-0"]
[WhiteElo "1572"]
[BlackElo "1533"]
[PlyCount "105"]
[EventDate "2010.01.16"]
[EventType "swiss"]
[EventRounds "7"]
[EventCountry "GER"]
[SourceTitle "EXT 2021"]
[Source "ChessBase"]
[SourceDate "2020.10.23"]
[SourceVersion "1"]
[SourceVersionDate "2020.10.23"]
[SourceQuality "1"]

1. e4 Nc6 2. Nf3 d5 3. exd5 Qxd5 4. Nc3 Qa5 5. d4 e6 6. a3 Nf6 7. Bd2 Qh5 8. Be2 Nd5 9. 0-0 Nxc3 10. Bxc3 Qd5 11. Re1 Be7 12. b4 a6 13. Bb2 0-0 14. c4 Qd8 15. Qb3 Bf6 16. Rad1 Qe7 17. Bc3 Rd8 18. b5 axb5 19. c5 Bd7 20. Bxb5 Nxd4 21. Nxd4 Bxd4 22. Bxd4 Bxb5 23. Qxb5 c6 24. Qb2 f6 25. Qb3 Rd5 26. Rd3 Rad8 27. Red1 Kf8 28. f4 e5 29. fxe5 fxe5 30. Bf2 Qg5 31. Rxd5 Rxd5 32. h4 Qf4 33. Rf1 Kg8 34. Qxb7 h6 35. Qxc6 Rd8 36. Qb6 Rf8 37. c6 e4 38. c7 e3 39. Qe6+ Kh8 40. Qxe3 Qxc7 41. a4 Ra8 42. Qd4 Qc6 43. Ra1 Ra5 44. Qb4 Qd5 45. Bd4 Kh7 46. Bb6 Ra8 47. a5 Qe5 48. Re1 Qb8 49. Qb1+ Kg8 50. Rd1 Qe8 51. Qb3+ Kh8 52. Qd5 Rc8 53. Qd8 1-0

[Event "Hannover Region-ch"]
[Site "Hannover"]
[Date "2008.01.12"]
[Round "1"]
[White "Kleinschroth, Roland"]
[Black "Floerchinger, Ludolf"]
[Result "1-0"]
[WhiteElo "2062"]
[BlackElo "1597"]
[PlyCount "41"]
[EventDate "2008.01.12"]
[EventType "swiss"]
[EventRounds "7"]
[EventCountry "GER"]
[SourceTitle "EXT 2021"]
[Source "ChessBase"]
[SourceDate "2020.10.23"]
[SourceVersion "1"]
[SourceVersionDate "2020.10.23"]
[SourceQuality "1"]

1. e4 d5 2. exd5 Nf6 3. d4 Bg4 4. Nf3 Qxd5 5. Be2 Nc6 6. c4 Qf5 7. Be3 e6 8. Nbd2 Nb4 9. Qa4+ c6 10. 0-0 Bxf3 11. Bxf3 Nc2 12. Bxc6+ Kd8 13. Bxb7 Rb8 14. Qxa7 Bd6 15. Nf3 Nxe3 16. fxe3 Qd3 17. Ne5 Qxe3+ 18. Kh1 Bxe5 19. Rae1 Rxb7 20. Qxb7 Qh6 21. dxe5 1-0

[Event "Hannover Region-ch"]
[Site "Hannover"]
[Date "2006.04.01"]
[Round "7"]
[White "Zuelke, Dieter"]
[Black "Floerchinger, Ludolf"]
[Result "0-1"]
[WhiteElo "1390"]
[BlackElo "1591"]
[PlyCount "46"]
[EventDate "2006.01.14"]
[EventType "swiss"]
[EventRounds "7"]
[EventCountry "GER"]
[SourceTitle "EXT 2021"]
[Source "ChessBase"]
[SourceDate "2020.10.23"]
[SourceVersion "1"]
[SourceVersionDate "2020.10.23"]
[SourceQuality "1"]

1. e4 d5 2. exd5 Nf6 3. Nf3 Bg4 4. Be2 Qxd5 5. c4 Qf5 6. Nc3 Nc6 7. a3 e5 8. 0-0 Bxf3 9. Bxf3 e4 10. Nxe4 0-0-0 11. b4 h5 12. Nxf6 Qxf6 13. Rb1 Nd4 14. Be2 Bd6 15. Bb2 Be5 16. Bxd4 Rxd4 17. d3 h4 18. c5 Qf4 19. g3 hxg3 20. fxg3 Qe3+ 21. Kg2 Rxh2+ 22. Kxh2 Qxg3+ 23. Kh1 Rh4# 0-1

[Event "Hannover Region-ch"]
[Site "Hannover"]
[Date "2006.03.18"]
[Round "6"]
[White "Floerchinger, Ludolf"]
[Black "Zakidyshev, Gennadiy"]
[Result "0-1"]
[WhiteElo "1591"]
[BlackElo "1838"]
[PlyCount "120"]
[EventDate "2006.01.14"]
[EventType "swiss"]
[EventRounds "7"]
[EventCountry "GER"]
[SourceTitle "EXT 2021"]
[Source "ChessBase"]
[SourceDate "2020.10.23"]
[SourceVersion "1"]
[SourceVersionDate "2020.10.23"]
[SourceQuality "1"]

1. e4 c5 2. Nc3 a6 3. f4 e6 4. Nf3 d5 5. d3 b5 6. a3 Bb7 7. Be2 b4 8. axb4 cxb4 9. Na2 dxe4 10. dxe4 Qxd1+ 11. Bxd1 Bxe4 12. Be3 Nf6 13. c3 bxc3 14. Nxc3 Bb4 15. Ba4+ Bc6 16. 0-0 0-0 17. Bxc6 Nxc6 18. Na4 Nd5 19. Bc5 Rfc8 20. Bxb4 Ncxb4 21. Ne5 Rc2 22. h3 Rac8 23. b3 f6 24. Nc4 Nd3 25. Nab6 Nxb6 26. Nxb6 Rb8 27. Rxa6 Nc5 28. Ra8 Rxa8 29. Nxa8 Nxb3 30. Rb1 Nd4 31. Rf1 Nf5 32. Rf2 Rc1+ 33. Rf1 Rxf1+ 34. Kxf1 Ne3+ 35. Kf2 Nd5 36. Kf3 Kf7 37. g4 e5 38. fxe5 fxe5 39. Ke4 Ke6 40. h4 g6 41. g5 Kd6 42. Kd3 Kc6 43. Ke4 Nf4 44. Kxe5 Ng2 45. Kf6 Nxh4 46. Kg7 Kb7 47. Kxh7 Kxa8 48. Kg7 Kb7 49. Kf6 Kc6 50. Ke6 Kc5 51. Ke5 Kc4 52. Ke4 Kc3 53. Kf4 Kd3 54. Kg3 Nf5+ 55. Kf3 Kd4 56. Kf4 Nd6 57. Kf3 Ke5 58. Kg4 Ne4 59. Kh4 Kf4 60. Kh3 Kxg5 0-1

[Event "Hannover Region-ch"]
[Site "Hannover"]
[Date "2006.01.21"]
[Round "2"]
[White "Sherman, Radyslav"]
[Black "Floerchinger, Ludolf"]
[Result "1-0"]
[WhiteElo "1737"]
[BlackElo "1591"]
[PlyCount "77"]
[EventDate "2006.01.14"]
[EventType "swiss"]
[EventRounds "7"]
[EventCountry "GER"]
[SourceTitle "EXT 2021"]
[Source "ChessBase"]
[SourceDate "2020.10.23"]
[SourceVersion "1"]
[SourceVersionDate "2020.10.23"]
[SourceQuality "1"]

1. d4 f5 2. c4 Nf6 3. Nc3 e6 4. Nf3 d5 5. g3 c6 6. Bg2 Bd6 7. 0-0 0-0 8. b3 Nbd7 9. Qc2 Qe8 10. e3 Ne4 11. Bb2 Ndf6 12. Nxe4 fxe4 13. Ne5 Bxe5 14. dxe5 Ng4 15. h3 Nh6 16. g4 Qg6 17. f4 exf3 18. Qxg6 hxg6 19. Rxf3 Rxf3 20. Bxf3 Bd7 21. Be2 Rf8 22. Ba3 Rf7 23. Kg2 Be8 24. Bd3 Rd7 25. Rf1 Bf7 26. Bd6 a6 27. e4 dxc4 28. Bxc4 Kh7 29. g5 Ng8 30. Rf4 b5 31. Be2 Be8 32. Rh4+ Nh6 33. gxh6 gxh6 34. Rf4 h5 35. Rf8 Rd8 36. Rf6 Kg7 37. Rxe6 Bf7 38. Re7 Kg8 39. Rc7 1-0

[Event "Hannover-ch MT"]
[Site "Hannover"]
[Date "2004.09.17"]
[Round "4"]
[White "Floerchinger, Ludolf"]
[Black "Droemann, Thomas"]
[Result "0-1"]
[WhiteElo "1623"]
[BlackElo "1746"]
[PlyCount "104"]
[EventDate "2004.09.16"]
[EventType "swiss"]
[EventRounds "7"]
[EventCountry "GER"]
[SourceTitle "EXT 2021"]
[Source "ChessBase"]
[SourceDate "2020.10.23"]
[SourceVersion "1"]
[SourceVersionDate "2020.10.23"]
[SourceQuality "1"]

1. e4 d5 2. exd5 Qxd5 3. Nc3 Qd6 4. Nf3 Nf6 5. Bc4 a6 6. a4 Bg4 7. 0-0 c5 8. Be2 e6 9. d3 Be7 10. Bg5 Nc6 11. Rb1 0-0 12. Bxf6 Bxf6 13. Ne4 Qe7 14. Qd2 e5 15. Nxf6+ Qxf6 16. Rfe1 Rfd8 17. Qe3 Qd6 18. Ng5 Bxe2 19. Rxe2 f6 20. Ne4 Qe6 21. Nxc5 Qa2 22. Qc1 Nd4 23. Re1 Qd5 24. Ne4 Rac8 25. c3 Ne6 26. Re3 f5 27. Nd2 Nf4 28. Nf3 Nxd3 29. Qc2 e4 30. Ne1 Ne5 31. h3 Nc4 32. Re2 Rc6 33. Qb3 Rb6 34. Qc2 Rbd6 35. g3 Qc6 36. Ng2 Rd2 37. Rxd2 Rxd2 38. Qb3 h6 39. Ne3 b5 40. Nxf5 Kh7 41. axb5 axb5 42. Nd4 Qf6 43. f4 exf3 44. Rf1 f2+ 45. Kh1 Rxb2 46. Qd1 Rd2 47. Qb1+ Qg6 48. Qxb5 Ne3 49. Kh2 Qe4 50. Qb1 Nxf1+ 51. Qxf1 Rb2 52. Nf3 Qxf3 0-1

[Event "Hannover-ch MT"]
[Site "Hannover"]
[Date "2004.09.16"]
[Round "1"]
[White "Aldag, Thomas"]
[Black "Floerchinger, Ludolf"]
[Result "1-0"]
[WhiteElo "1993"]
[BlackElo "1623"]
[PlyCount "90"]
[EventDate "2004.09.16"]
[EventType "swiss"]
[EventRounds "7"]
[EventCountry "GER"]
[SourceTitle "EXT 2021"]
[Source "ChessBase"]
[SourceDate "2020.10.23"]
[SourceVersion "1"]
[SourceVersionDate "2020.10.23"]
[SourceQuality "1"]

1. d4 f5 2. Nf3 g6 3. c4 Nf6 4. Nc3 Bg7 5. g3 0-0 6. Bg2 d6 7. 0-0 c6 8. Qc2 Na6 9. a3 Nc7 10. Bg5 Qe8 11. e4 fxe4 12. Nxe4 Bf5 13. Bxf6 Bxf6 14. Nxf6+ Rxf6 15. Qb3 Rb8 16. Rae1 Qf8 17. Ng5 Kg7 18. Qc3 h6 19. Ne4 Rf7 20. d5+ Kh7 21. Qa5 e6 22. dxe6 Nxe6 23. Qxa7 d5 24. cxd5 cxd5 25. Nc3 d4 26. Ne4 Rd8 27. Rd1 Rfd7 28. Qa5 d3 29. Qe5 Bxe4 30. Bxe4 Ng5 31. Bg2 d2 32. f4 Re8 33. Qb5 Rde7 34. Rxd2 Ne4 35. Bxe4 Rxe4 36. Qxb7+ Kg8 37. Qb3+ Kh8 38. Qc3+ Kg8 39. Rd7 R4e7 40. Qc4+ Kh8 41. Qd4+ Kg8 42. Qd5+ Kh8 43. Rxe7 Qxe7 44. Qe5+ Qxe5 45. fxe5 Rxe5 1-0